00285nam a2200121Ia 4500008004100000082001600041100002300057245002800080250001200108260002700120300000800147650000800155191201s2012 xx 000 0 und d a658.15bROO aROBBINS, STEPHEN S 0aOrganizational Behavior a2nd IMP aN.DelhibPearsonc2012 a623 aMBA